|
|
|
|
| LEADER |
00792cam a2200241 a 4500 |
| 001 |
0000045551 |
| 005 |
20050802090000.0 |
| 040 |
|
|
|a mod
|
| 041 |
|
|
|a eng
|
| 020 |
0 |
0 |
|a 9835401004
|
| 090 |
0 |
0 |
|a 959.5954
|b MAH
|
| 245 |
0 |
0 |
|a Collection of Mahathir's speeches (July 1995-December 1996)
|c compiled Amidah Hamim dan Foong Bee Leng
|
| 260 |
0 |
0 |
|a Kuala Lumpur
|b Jabatan Penerangan Malaysia
|c 1997
|
| 300 |
0 |
0 |
|a xvii, 562p.
|c 25cm
|
| 440 |
0 |
0 |
|a Siri ucapan penting
|
| 651 |
0 |
0 |
|a Malaysia
|x Economic conditions
|
| 651 |
0 |
0 |
|a Malaysia
|x Foreign relations
|
| 651 |
0 |
0 |
|a Malaysia
|x Social conditions
|
| 651 |
0 |
0 |
|a Malaysia
|x Politics and government
|
| 700 |
1 |
1 |
|a AMIDAH Hamim
|
| 700 |
0 |
0 |
|a FOONG
|h Bee Leng
|
| 852 |
0 |
0 |
|a 01
|
| 999 |
|
|
|a H0005770
|b KEMENTAH
|d BOOKS
|e Rujukan
|f Perpustakaan KEMENTAH
|j AVAILABLE
|q GOOD CONDITION
|